MDQL
is popping MORE tags! Check the
thread
!
Quizzes
Events
Quiz Creation
Community
Videos
Private Events
Remove Ads
Sign In
Join for FREE
Feedback
Dark Mode
Quiz Categories
Sports
Geography
Music
Movies
Television
Just For Fun
Miscellaneous
History
Literature
Language
Science
Gaming
Entertainment
Religion
Holiday
For Kids
Quiz Lab
Recent
Popular Today
Quiz Kudos Today
Editor Picks
Curator Picks
Quizzes by...
Day
Popularity
Type
Ratings
Length
Year
Community
Subscriptions
Recent Discussions
Orange Saloon
Badges
Playlists
Quests
Create
Leaderboards
Showdown
Live 5
Trivia Bingo
Activity
Puzzle Library
Sporcle Events
Private Events
Virtual Trivia
Globe League
Become a Host
Pub Owners
SporcleCon
Opinionation
Our Games
Videos
Blog
Mobile Apps
Partnerships
Remove Ads and Go Orange
Feedback
History
US Presidents
World Leaders
Politics
Nation
Discovery
War
Decade
Year
Century
Biography
Art
History
US Presidents
World Leaders
Politics
Nation
Discovery
War
Decade
Year
Century
Biography
Art
Random Quiz
Search Sporcle
×
Quiz Lab
Quiz Lab
History
Clickable
Select answers by clicking on text or image buttons
Select answers by clicking on text or image buttons
Clickable
Best Score? Go Orange.
Vice Presidents of Losing Tickets Stats
Can you name the losing Vice President given the year and running mate?
By
DrDon000
6m
20 Questions
75 Plays
75 Plays
75 Plays
Comments
Comments
Give Quiz Kudos
Give Quiz Kudos
-
- Ratings
hide this ad
More Info
Forced Order
Answers have to be entered in order
Answers have to be entered in order
Replay
Link that replays current quiz
Next Quiz
Link to next quiz in quiz playlist
You Got
0%
They Got
Avg Score
73%
Avg Friend Score
Upgrade to see
Score Distribution
Jump to the score distribution portion of the page
Score
0/20
Timer
06:00
0
Plays Today
% Correct
Palin, Sarah
96%
Quayle, Dan
93.3%
Kaine, Tim
92%
Ryan, Paul
90.7%
Mondale, Walter
90.7%
Lieberman, Joe
89.3%
Edwards, John
88%
Ferraro, Geraldine
88%
Kemp, Jack
85.3%
Dole, Bob
84%
% Correct
Bentsen, Lloyd
78.7%
Muskie, Edmund
72%
Lodge, Henry Cabot Jr
72%
Shriver, Sargent
69.3%
Kefauver, Estes
57.3%
Warren, Earl
56%
Miller, William E.
46.7%
McNary, Charles
44%
Sparkman, John
40%
Bricker, John
34.7%
Quiz Playlist
Details
Report
Send in Message
Add To Playlist
More Info:
Confession: I made this quiz and only scored a 50%
Clickable:
Select answers by clicking on text or image buttons
Forced Order:
Answers have to be entered in order
Last Updated: May 20, 2019
Quiz Scoreboard
CHALLENGE
Sign Up to Join the Scoreboard
Show All
Scores
Hide
Comments
May contain spoilers
Recently Published
5x2 Blitz: Bands
by SL_Kpop136
Music
30s
Colored Red Africa Blitz
by spor1
Geography
30s
Find the 'City' Movie
by crazypaving
Movies
60s
More to Explore
Quiz From the Vault
Featured Blog Post
14 Easter Pick-up Lines to Find Eggs With
hide this ad
You Might Also Like...
Tags
Clickable Quiz
Losing
mate
President
Running
ticket
Vice
Today's Top Quizzes in History
Browse History
hide this ad
Today's Top Quizzes in Clickable
Browse Clickable
Top Contributed Quizzes in History
1
Popular People in 1991
2
US National Parks Named After People
3
Order Up: 1000 Years of World Events I
4
Popular People in 1981
5
Popular People in 1951
6
Popular People in 1941
7
Popular People in 1986
8
Popular People in 1921
9
Popular People in 1976
10
Magic 10 Blitz: U.S. Presidents
Explore More
Trending Topics
Anime
Marvel
NBA
Disney
Crossword
Kpop
Harry Potter
WWE
The Office
Soccer
Puzzle
Pokémon
Country
NFL
Song
hide this ad
More By:
DrDon000
Quiz
Plays
Rating
Category
Featured
Created
Identify the Colors
10,996
4.76
Miscellaneous
Jun 18, 2023
Pick The Deadly Virus
6,662
4.59
Science
Mar 20, 2020
Guess the band by starting lineup
3,203
4.27
Music
Mar 7, 2019
Sum of the Parts: Anatomy
2,868
4.89
Science
Jan 9, 2022
Famous Actors' First Movie
2,233
4.54
Movies
May 25, 2022
Go to Creator's Profile
Score Distribution
Quiz Creator Spotlight
DrDon000
Follow
Send a Message
Quizzes Created
-
Created Quiz Play Count
-
More By This Creator
Popular Quizzes Today
1
Find the 'City' Movie
2
Colored Red Africa Blitz
3
Find the US States - No Outlines Minefield
4
5x2 Blitz: Bands
5
The Countries of the World
6
Find the US States
7
US States
8
9x9 Crossword: Cartoon Network
More History Quizzes
Memorable Men Born in 1943
Curator's Pick
Trending Quizzes
Colored Red Europe Blitz I
Colored Red Africa Blitz II
Colored Red Europe Blitz II
Colored Red Africa Blitz III
Colored Red Europe Blitz III
Recently Updated
Famous TV Couples
Peacemaker
Champions League XIs: Real Madrid
pecheneg
Largest US Cities 1790-2010
pecheneg
Rides in Walt Disney World
pecheneg
Most Oscar Losses (Acting)
pecheneg
Beyoncé Albums
pecheneg
Leaping Animals
pecheneg
Reality TV Shows (A-Z)
bhenderson79
Rickey Henderson's Hall of Fame Teammates
pecheneg
Champions League XIs: Arsenal
pecheneg
Trending Topics
Harry Potter
Disney
NBA
Crossword
Kpop
Marvel
Anime
Soccer
Country
The Office
Song
Pokémon
WWE
Puzzle
NFL
Your Account Isn't Verified!
In order to create a playlist on Sporcle, you need to verify the email address you used during registration. Go to your
Sporcle Settings
to finish the process.
Report this User
Report this user for behavior that violates our
Community Guidelines
.
Details:
Send Report
Go to the Sporcle.com Mobile Site →
Comments